Efektívna komunikácia v obchodnom prostredí

Komunikácia v obchodnom prostredí. Efektívna komunikácia. Princípy efektívnej komunikácie. Bariéry efektívnej komunikácie. Zlepšenie efektívnosti komunikácie.

Salvato in:
Dettagli Bibliografici
Autore principale: Pápaiová, Adriana
Natura: Capitolo di libro
Lingua:slovacco
Soggetti:
Tags: Aggiungi Tag
Nessun Tag, puoi essere il primo ad aggiungerne!!

MARC

LEADER 00000nla a2200000 4500
001 0196805
005 20240502073322.0
041 0 |a slo 
044 |a SK 
245 1 0 |a Efektívna komunikácia v obchodnom prostredí  |c Adriana Pápaiová 
520 |a Komunikácia v obchodnom prostredí. Efektívna komunikácia. Princípy efektívnej komunikácie. Bariéry efektívnej komunikácie. Zlepšenie efektívnosti komunikácie. 
610 2 0 |a komunikácia 
610 2 0 |a firmy 
610 2 0 |a vzťahy medziľudské 
610 2 0 |a vzťahy obchodné 
610 2 0 |a efektívnosť 
100 1 |a Pápaiová, Adriana